| 000 | 01316nam a2200397 i 4500 | ||
|---|---|---|---|
| 001 | 7802 | ||
| 003 | KOSZ 005 | ||
| 005 | 20221230114729.0 | ||
| 008 | 070929s1968 pl a f 000 0 pol | ||
| 015 | _aPB 1968/7025 | ||
| 040 |
_aWA N _cWA N _dKOSZ 005/RW _dKOSZ 005/HR |
||
| 046 | _k1968 | ||
| 080 | _a621.78 | ||
| 080 | _a621.9 | ||
| 080 | _a658.5 | ||
| 100 | 1 |
_aStolarek, Antoni _eAutor |
|
| 245 | 1 | 0 |
_aOrganizacja wydziałów obróbki powierzchniowej i cieplnej / _cAntoni Stolarek. |
| 260 |
_aWarszawa : _bWydawnictwa Naukowo-Techniczne, _c1968. |
||
| 300 |
_a114, [2] s. : _bil. ; _c23 cm. |
||
| 336 |
_2rdacontent _aTekst _btxt |
||
| 337 |
_2rdamedia _aBez urządzenia pośredniczącego _bn |
||
| 338 |
_2rdacarrier _aWolumin _bnc |
||
| 380 | _aKsiążki | ||
| 388 | _a1901-2000 | ||
| 388 | _a1945-1989 | ||
| 490 | 1 | _aBiblioteka Organizatora Produkcji. | |
| 504 | _aBibliogr. s. [116]. | ||
| 650 | 4 | _aProdukcja | |
| 650 | 4 | _aPrzemysł maszynowy | |
| 658 | _aInżynieria i technika | ||
| 658 | _aZarządzanie i marketing | ||
| 710 | 2 |
_aWydawnictwa Naukowo-Techniczne _4pbl. |
|
| 830 | 0 | _aBiblioteka Organizatora Produkcji | |
| 856 |
_uhttp://koha.tu.koszalin.pl/cgi-bin/koha/opac-detail.pl?biblionumber=7802 _yKatalog online BPK |
||
| 942 |
_2UKD _cKS |
||
| 999 |
_c7802 _d7802 |
||